000 00286nam a2200097Ia 4500
005 20250424112831.0
008 250424s9999 xx 000 0 und d
300 _avii, 92 p. ; 30 cm.
650 _aTechnology--Periodicals. Electrical and Electronic Engineering--Periodicals.
942 _cSR
999 _c37398
_d37398